Statistics for EPA Administrators by Picture

Click here to take the quiz!

General Stats

  • This quiz has been taken 16 times
    (14 since last reset)
  • The average score is 14 of 18

Answer Stats

Answer% Correct
Andrew R. Wheeler
100%
Anne Gorsuch Burford
100%
Christine Todd Whitman
100%
Gina McCarthy
100%
Lisa P. Jackson
100%
Mike Leavitt
100%
Scott Pruitt
100%
William Ruckelshaus
100%
Carol Browner
67%
Douglas M. Costle
67%
Lee M. Thomas
67%
Michael S. Regan
67%
Russell E. Train
67%
Stephen L. Johnson
67%
William K. Reilly
67%
Bob Perciasepe
33%
Catherine McCabe
33%
Jane Nishida
33%

Score Distribution

Percentile by Number Answered

Percent of People with Each Score

Your Score History

You have not taken this quiz since the last reset